000 00701nam a2200205Ia 4500
003 GCL
008 140319s9999 xx 000 0 ara d
040 _aGCL /
_cGCL
082 0 4 _a398.9569
_bس م
100 1 _aسليم عرفات المبيض
245 1 0 _aملامح الشخصية الفلسطينية فى امثالها الشعبية /
_cسليم عرفات المبيض
260 _a[S.N] :
_bالهيئة المصرية العامة للكتاب ،
_c1990
300 _a666
490 _a
650 0 4 _aالفولكلور
650 0 4 _aالادب الشعبى
650 0 4 _aالامثال العامية
650 0 4 _aالامثال العربية - فلسطين
942 _2ddc
_cBK
999 _c30635
_d30635